000 00825nam a2200265Ia 4500
003 OSt
005 20220926003531.0
006 a|||||r|||| 00| 0
007 ta
008 220923b |||||||| |||| 00| 0 eng d
020 _a9780199685417
_c775.00
037 _b1689, 12/03/2018, Dhanraj Book House
_cGeneral Book
040 _aRTL
_cRTL
_beng
041 _2eng
_aeng
082 _aX9:(G:55), Q1
100 _aWETHERLY Paul
_9307515
245 0 _aBusiness environment
_b Themes and issues
250 _a2nd
260 _a New Delhi
_bOxford University Press
_c2011
300 _axxxiii,482p
_ccm.
650 _aCommerce
700 _a OTTER Dorron
_9307516
942 _hX9:(G:55), Q1
_cGB
_2CC
999 _c608118
_d608118